| 000 | 00476nam a22001457a 4500 | ||
|---|---|---|---|
| 008 | 220520b |||||||| |||| 00| 0 eng d | ||
| 020 | _a0195024702. | ||
| 050 | _aE441.W42 1970 | ||
| 100 |
_aWeinstein, Allen _951738 |
||
| 245 |
_aAmerican Negro Slavery _cAllen, Weinstein |
||
| 260 |
_aNew York: _bOxford University Press: _c1968. |
||
| 300 |
_aix,315p,; _c20cm. |
||
| 650 |
_aSlavery in the United States _vaddresses,essays,lectures _xhistory _951739 |
||
| 942 |
_2lcc _cMONOGRAPH |
||
| 999 |
_c131486 _d131486 |
||